English for Academic Research: Writing Exercises /

Na minha lista:
Detalhes bibliográficos
Autor principal: Wallwork, Adrian (Author)
Formato: Livro
Idioma:inglês
Publicado em: New York: Springer, 2016
Edição:2. vyd.
Colecção:English for Academic Research
Assuntos:
Tags: Adicionar Tag
Sem tags, seja o primeiro a adicionar uma tag!

MARC

LEADER 00000nam a22000003a 4500
001 0078027
003 SK-STU
005 20191129112231.8
007 ta
008 191129s ----xo-----e------000-0-----d
020 |a 978-1-4614-4297-4 
040 |a STU  |b slo 
041 0 |a eng  |h eng 
044 |a xxu 
100 1 |a Wallwork, Adrian  |4 aut  |r Z6 
245 1 0 |a English for Academic Research:  |b Writing Exercises /  |c aut. Adrian Wallwork 
250 |a 2. vyd. 
260 |a New York:  |b Springer,  |c 2016 
300 |a 190 s. 
490 0 |a English for Academic Research 
650 0 7 |a English language 
650 0 7 |a writing exercises 
996 |c V* 52987/O-24147  |l VV3  |s P  |a 0  |w 0078027_0001